| 000 | 00525nam a22002057a 4500 | ||
|---|---|---|---|
| 003 | OSt | ||
| 005 | 20140310182842.0 | ||
| 008 | 130608t xxu||||| |||| 00| 0 eng d | ||
| 020 | _a0573618763 | ||
| 050 |
_aPS 3563 _b.M647 1982 |
||
| 082 |
_aM 808.2 _bM61 1982 |
||
| 245 |
_aThe Fox : _ba play _cMiller, Allan |
||
| 260 |
_aLondon : _bSamuel French, Inc., _c1982. |
||
| 300 |
_a82 p. : _c18 cm. |
||
| 521 | _acollege students | ||
| 526 | _c1210L-1700L | ||
| 541 | _j1 | ||
| 562 | _e1 | ||
| 942 |
_2lcc _cBK _kM |
||
| 999 |
_c16876 _d16876 |
||